Normal view
MARC view
- Kamran,Aamna, & Hameed,Shahla
Entry Personal Name
001 - CONTROL NUMBER
- control field: 5133
003 - CONTROL NUMBER IDENTIFIER
- control field: NUST
005 - DATE AND TIME OF LATEST TRANSACTION
- control field: 20171002153140.0
008 - FIXED-LENGTH DATA ELEMENTS
- fixed length control field: 171002|| aca||aabn | a|a d
040 ## - CATALOGING SOURCE
- Original cataloging agency: NUST
- Transcribing agency: NUST
100 ## - HEADING--PERSONAL NAME
- Personal name: Kamran,Aamna, & Hameed,Shahla
670 ## - SOURCE DATA FOUND
- Source citation: Work cat.: (NUST): Kamran,Aamna, & Hameed,Shahla, The relationship between instragram and the exchange of perceived values in transliterate college students of Islamabad, 2015
